Statistics for NBA Teams By Best Players

Click here to take the quiz!

General Stats

  • This quiz has been taken 71 times
    (41 since last reset)
  • The average score is 29 of 30

Answer Stats

Hint Answer % Correct
Anthony DavisPelicans
100%
Devin BookerSuns
100%
Kyrie IrvingCeltics
100%
Zach LavineBulls
100%
Damien LillardTrail Blazers
100%
Joel Embiid76ers
100%
James HardenRockets
100%
Stephen CurryWarriors
100%
Giannis AntetokounmpoBucks
100%
LeBron JamesCavaliers
100%
Russel WestbrookThunder
100%
Andre DrummondPistons
97%
Brandon IngramLakers
97%
Dirk NowitzkiMavericks
97%
Kawhi LeonardSpurs
97%
Kemba WalkerHornets
97%
Kristaps PorzingisKnicks
97%
DeAngelo RusselNets
97%
Blake GriffinClippers
97%
Donovan MitchellJazz
97%
Aaron GordonMagic
94%
John WallWizards
94%
Hassan WhitesideHeat
94%
DeMar DeRozanRaptors
94%
Nikola JokicNuggets
91%
Dennis SchroderHawks
91%
Victor OladipoPacers
91%
Jimmy ButlerTimber Wolves
88%
Mike ConleyGrizzlies
88%
George HillKings
75%

Score Distribution

Percentile by Number Answered

Percent of People with Each Score

Your Score History

You have not taken this quiz since the last reset